000 01967nam a2200241Ia 4500
003 Ost
005 20260507075207.0
008 260507s9999||||xx |||||||||||||| ||und||
020 _a526169957
040 _cfsecg
041 _aara
082 _a330
100 _aالحمود، وضاح محمود
_eمؤلف
245 0 _aعقود البناء و التشغيل و نقل الملكية ( B.O.T ) :
_bحقوق الادارة المتعاقدة و التزاماتها /
_c وضاح محمود الحمود
260 _aعمان:
_bدار الثقافة,
_c2010
300 _a239 صفحة؛
_c24 سم
520 _aتعريف و مزايا عقود البناء و التشغيل و نقل الملكية و أساسها القانوني ، الطبيعة القانونية لهما ، انواع عقود التشييد و التشغيل و نقل الملكية ال (BOT ) حقوق الادارة المتعاقدة في عقود البناء و التشغيل و نقل الملكية : حق الادارة في الرقابة و التوجيه ، حق الادارة في تعديل العقد ، حق الادارة في توقيع جزاءات على المتعاقد معها بإدارتها المنفردة ، حق الادارة في انهاء العقد بارادتها المنفردة ، التزامات الادارة المتعاقدة في عقود البناء و التشغيل و نقل الملكية ، فض المنازعات عن استعمال الادارة المتعاقدة لحقوقها أو اخلالها بالتزاماتها في عقود البناء و التشغيل و نقل الملكية بالتطرق لالتسوية القائية و غير القضائية لمنازعات عقود ( BOT) ، التحكيم كوسيلة لحسم منازعات هذه عقود .
653 _aالتشغيل
653 _aالملكية
653 _aعقود
653 _aعقود العمل
942 _cكتاب
999 _c43438
_d43438